000 00510nam a2200181Ia 4500
005 20250508154031.0
008 008 250505s9999 xx 000 0 eng d
037 _aTextual
040 _aFEDL
_beng
_cFEDL
041 _aeng
_2eng
084 _a973.9, ZEL
_qFEDL
100 _aZelomek A W
_9349825
245 0 _aChanging America: At work and play
260 _aNew York, USA
_bJohn Wiley and Sons, Inc
_c1959
300 _aviii,181p
942 _cTEXL
_h973.9, ZEL
999 _c1347186
_d1347186